00419nam a2200121Ia 4500008004100000245010600041260004500147260000900192300000900201500001100210650001300221856006300234170516s9999 xx 000 0 und d aDevelopment of a novel electrospun nanofibrous delivery system for poorly water-soluble β-sitosterol bAsian Journal of Pharmaceutical Sciences c2016 a11:4 aAugust xPharmacy uhttp://www.sciencedirect.com/science/journal/18180876/11/4